[Event "Open La Lupa"]
[Site "Roma ITA"]
[Date "2010.05.27"]
[Round "5"]
[White "Marta, Daniele"]
[Black "Romano, Marco Motraz"]
[Result "0-1"]
[WhiteElo "2055"]
[BlackElo "1615"]
[PlyCount "54"]
[EventDate "2010.05.06"]

1. Nf3 Nf6 2. c4 e6 3. d4 b6 4. g3 Bb7 5. Bg2 d5 6. O-O Nbd7 7. cxd5 exd5 8.
Nc3 Be7 9. Bf4 Nh5 10. Be3 f5 11. Qb3 c6 12. Rad1 O-O 13. Bc1 h6 14. e4 fxe4
15. Nxe4 Kh8 16. Nc3 Qe8 17. Rde1 Ba6 18. Nh4 Bxf1 19. Rxe7 Bc4 20. Qd1 Qd8 21.
Qxh5 Rf6 22. Bg5 Qxe7 23. Ng6+ Rxg6 24. Bxe7 Re6 25. Bxd5 cxd5 26. Nxd5 Re1+
27. Kg2 Bf1+ 0-1

[Event "Open La Lupa"]
[Site "Roma ITA"]
[Date "2010.05.27"]
[Round "5"]
[White "Napoli, Alessandro"]
[Black "Crucioli, Marco"]
[Result "1-0"]
[WhiteElo "1431"]
[BlackElo "1646"]
[PlyCount "65"]
[EventDate "2010.05.06"]

1. e4 e5 2. Nf3 d6 3. d4 exd4 4. Nxd4 Be7 5. Nc3 Bf6 6. Bc4 Ne7 7. Be3 Nd7 8.
f4 a5 9. Qd2 Nb6 10. Be2 O-O 11. O-O Ng6 12. Nf3 Bxc3 13. Qxc3 Nd7 14. f5 Nge5
15. Nxe5 Nxe5 16. f6 gxf6 17. Bh6 Ng6 18. Rxf6 Ne5 19. Raf1 Be6 20. Qg3+ Ng6
21. Bxf8 Qxf8 22. Rxe6 Qg7 23. Ref6 Rf8 24. Bc4 Ne5 25. Qxg7+ Kxg7 26. Be6 b5
27. R6f5 f6 28. a3 c5 29. h3 b4 30. axb4 axb4 31. Ra1 Re8 32. Ra7+ Kg6 33. Rxe5
1-0

[Event "Open La Lupa"]
[Site "Roma ITA"]
[Date "2010.05.27"]
[Round "5"]
[White "Pardo, Paolo"]
[Black "Zarfati, Daniele"]
[Result "1-0"]
[WhiteElo "1706"]
[BlackElo "1568"]
[PlyCount "89"]
[EventDate "2010.05.06"]

1. e4 c5 2. Nf3 d6 3. c3 Nf6 4. Be2 Nc6 5. d4 cxd4 6. cxd4 Bd7 7. Nc3 e5 8. d5
Ne7 9. O-O Ng6 10. Bg5 h6 11. Bxf6 Qxf6 12. Nb5 Qd8 13. Rc1 Bxb5 14. Bxb5+ Ke7
15. Qc2 Kf6 16. Qc7 Rb8 17. Qxd8+ Rxd8 18. Rc7 Rb8 19. Rfc1 Be7 20. Rd7 Rhd8
21. Rcc7 Rxd7 22. Rxd7 Nf8 23. Rc7 Bd8 24. Rc4 Ke7 25. Nh4 g6 26. g3 a6 27. Ba4
b5 28. Rb4 Bc7 29. Bd1 Ba5 30. Rb3 Rc8 31. Bg4 Rc1+ 32. Kg2 Rc2 33. Ra3 Be1 34.
Rxa6 Rxf2+ 35. Kh3 Rxb2 36. Ng2 Bb4 37. Ne3 Bc5 38. Nf1 Rb4 39. Bf3 Ra4 40.
Rxa4 bxa4 41. Bd1 a3 42. Nd2 Nd7 43. Kg4 Nb6 44. Kf3 Na4 45. Bxa4 1-0

[Event "Open La Lupa"]
[Site "Roma ITA"]
[Date "2010.05.27"]
[Round "5"]
[White "Prudenzano, Ruggero"]
[Black "Carconi, Massimo"]
[Result "1-0"]
[WhiteElo "1930"]
[BlackElo "1725"]
[PlyCount "43"]
[EventDate "2010.05.06"]

1. d4 Nf6 2. c4 c5 3. d5 b5 4. Nf3 bxc4 5. Nc3 d6 6. e4 Nbd7 7. Bxc4 g6 8. O-O
Bg7 9. h3 O-O 10. Be3 Ne8 11. Qd2 a5 12. Bh6 Ba6 13. b3 Bxc4 14. bxc4 Nb6 15.
Bxg7 Kxg7 16. Qd3 Qd7 17. Rab1 Na4 18. Rb5 Nxc3 19. Qxc3+ f6 20. Ng5 Nc7 21.
Rb7 Qc8 22. Rxc7 1-0

[Event "Open La Lupa"]
[Site "Roma ITA"]
[Date "2010.05.27"]
[Round "5"]
[White "Vannelli, Vittorio"]
[Black "Pedrinzani, Ivano"]
[Result "1/2-1/2"]
[WhiteElo "1810"]
[BlackElo "1896"]
[PlyCount "89"]
[EventDate "2010.05.06"]

1. e4 g6 2. d4 Bg7 3. Be3 c6 4. Nf3 d5 5. e5 Bg4 6. Be2 e6 7. h3 Bxf3 8. Bxf3
Ne7 9. Nd2 Nd7 10. Be2 Nf5 11. Nf3 Nxe3 12. fxe3 c5 13. O-O Bh6 14. Qd2 cxd4
15. Qb4 Qb6 16. Bb5 dxe3 17. Bxd7+ Kxd7 18. Qa4+ Qc6 19. Qh4 e2 20. Rfe1 Be3+
21. Kh1 Qc4 22. Qxc4 dxc4 23. Rxe2 Bh6 24. Re4 Rac8 25. Rf1 b5 26. Nh2 Ke7 27.
Ng4 Bg5 28. h4 Bd2 29. Re2 Rcd8 30. Ref2 Rhf8 31. Nf6 Be3 32. Rf3 Bd4 33. Nxh7
Bxe5 34. Nxf8 Rxf8 35. c3 f6 36. g3 Rd8 37. Kg2 a5 38. g4 b4 39. cxb4 axb4 40.
g5 Rd2+ 41. Kh3 Rxb2 42. gxf6+ Kf7 43. Rd1 Rh2+ 44. Kg4 Rg2+ 45. Kh3 1/2-1/2

[Event "Open La Lupa"]
[Site "Roma ITA"]
[Date "2010.06.03"]
[Round "6"]
[White "Bolla, Vittorio"]
[Black "Castellano, Lorenzo"]
[Result "0-1"]
[WhiteElo "1773"]
[BlackElo "1869"]
[PlyCount "92"]
[EventDate "2010.05.06"]

1. e4 c5 2. Nf3 a6 3. c3 d5 4. exd5 Qxd5 5. d4 e6 6. Be2 cxd4 7. cxd4 Nc6 8.
O-O Nf6 9. Nc3 Qd8 10. Re1 Be7 11. Bg5 O-O 12. a3 b5 13. Bf1 Bb7 14. Qd2 Na5
15. Qd1 Bxf3 16. Qxf3 Qxd4 17. Rad1 Qa7 18. Be3 Qb7 19. Be2 Qxf3 20. Bxf3 Rac8
21. Ne4 Nd5 22. Bc1 Nb3 23. Kf1 Rc2 24. Nd2 Nxc1 25. Bxd5 exd5 26. Rxe7 Nd3 27.
b4 Nb2 28. Ke2 Nxd1 29. Kxd1 Ra2 30. Rd7 Rxa3 31. Rxd5 g6 32. Ne4 Kg7 33. Kc2
Ra2+ 34. Kb3 Re2 35. Nc5 Ra8 36. Nd3 Rae8 37. Rd6 R8e6 38. Rd5 Rd2 39. Kc3 Ree2
40. Rc5 Rxd3+ 41. Kxd3 Rxf2 42. Rc6 Rxg2 43. Rxa6 Rxh2 44. Rc6 Rh5 45. Rc5 Rxc5
46. bxc5 Kf8 0-1

[Event "Open La Lupa"]
[Site "Roma ITA"]
[Date "2010.06.03"]
[Round "6"]
[White "Carconi, Massimo"]
[Black "Napoli, Alessandro"]
[Result "1-0"]
[WhiteElo "1725"]
[BlackElo "1431"]
[PlyCount "113"]
[EventDate "2010.05.06"]

1. e4 b6 2. d3 Bb7 3. Nd2 g6 4. Ngf3 Bg7 5. g3 f6 6. Bg2 Nh6 7. O-O Nf7 8. c3
c5 9. Re1 Nc6 10. Qe2 O-O 11. Nf1 Qc7 12. h4 Nfe5 13. Bf4 Nxf3+ 14. Bxf3 d6 15.
Nh2 Ne5 16. Bg2 c4 17. Bxe5 cxd3 18. Qxd3 fxe5 19. Ng4 Rf7 20. Re2 a5 21. Rc2
Qc5 22. Qe3 Qxe3 23. Nxe3 Raf8 24. Nd5 Bxd5 25. exd5 b5 26. Bh3 Rf6 27. Rf1 Rb8
28. b3 Rb7 29. c4 bxc4 30. Rxc4 Rf8 31. Rfc1 Rfb8 32. Be6+ Kh8 33. Rc8+ Bf8 34.
R1c4 Kg7 35. g4 Rb4 36. Rxb8 Rxb8 37. g5 Rb4 38. Rxb4 axb4 39. Kf1 h6 40. Ke2
hxg5 41. hxg5 Kh7 42. Kd3 Bg7 43. Kc4 e4 44. Kxb4 Bd4 45. a4 Bxf2 46. a5 e3 47.
Bg4 Kg7 48. Kc4 Kf7 49. b4 Ke8 50. b5 Kd8 51. b6 e2 52. Bxe2 Kc8 53. Kb5 Kb8
54. Kc6 Bh4 55. a6 Bxg5 56. a7+ Ka8 57. Ba6 1-0

[Event "Open La Lupa"]
[Site "Roma ITA"]
[Date "2010.06.03"]
[Round "6"]
[White "Casella, Carlo"]
[Black "Marta, Daniele"]
[Result "0-1"]
[WhiteElo "1679"]
[BlackElo "2055"]
[PlyCount "28"]
[EventDate "2010.05.06"]

1. e4 Nc6 2. d4 e5 3. Nf3 exd4 4. Nxd4 Bc5 5. Nb3 Bb6 6. Be2 Nf6 7. Nc3 Qe7 8.
Nd5 Qxe4 9. Nxf6+ gxf6 10. O-O O-O 11. Bd3 Qh4 12. g3 Qh3 13. Qf3 Ne5 14. Qxf6
Qxh2+ 0-1

[Event "Open La Lupa"]
[Site "Roma ITA"]
[Date "2010.06.03"]
[Round "6"]
[White "Catalini, Giampiero"]
[Black "Andreozzi, Paolo"]
[Result "1-0"]
[WhiteElo "1958"]
[BlackElo "1752"]
[PlyCount "83"]
[EventDate "2010.05.06"]

1. d4 d5 2. Nf3 e6 3. c4 c6 4. e3 Nd7 5. Nc3 Bd6 6. Bd3 f5 7. O-O Ngf6 8. b3
Qe7 9. Bb2 O-O 10. Ne2 Kh8 11. Ne5 g5 12. f3 Qg7 13. Qc2 Ne8 14. f4 Nxe5 15.
dxe5 Be7 16. Rac1 Bd7 17. Nd4 Bc8 18. cxd5 cxd5 19. Nb5 Bd7 20. Qe2 Bc6 21. Nd4
Qg6 22. Nxc6 bxc6 23. Rxc6 gxf4 24. exf4 Rg8 25. Qf3 Qf7 26. Rd1 Bd8 27. Bd4
Nc7 28. b4 Rg7 29. a4 Rb8 30. b5 Na8 31. Rc8 Qb7 32. Rc6 Qd7 33. Qh5 Bb6 34.
Bxb6 axb6 35. Qh4 Rg4 36. Qf6+ Kg8 37. Rd6 Qf7 38. Rd8+ Rxd8 39. Qxd8+ Qf8 40.
Qxf8+ Kxf8 41. g3 Rg8 42. Rc1 1-0

[Event "Open La Lupa"]
[Site "Roma ITA"]
[Date "2010.06.03"]
[Round "6"]
[White "Crucioli, Marco"]
[Black "Marelli, Emanuele"]
[Result "1-0"]
[WhiteElo "1646"]
[BlackElo "1485"]
[PlyCount "48"]
[EventDate "2010.05.06"]

1. e4 c5 2. d3 d6 3. Ne2 Nf6 4. Ng3 g6 5. Be2 Bg7 6. O-O Nc6 7. c3 O-O 8. f4
Bd7 9. f5 Rb8 10. a4 b5 11. axb5 Rxb5 12. Na3 Rb7 13. Rb1 Ne8 14. Be3 Nc7 15.
Qd2 Qb8 16. Nc4 Nb5 17. Bh6 Bxh6 18. Qxh6 Nxc3 19. Rbc1 Nxe2+ 20. Nxe2 Ne5 21.
Nxe5 dxe5 22. Rf3 f6 23. fxg6 hxg6 24. Qxg6+ Kh8 1-0

[Event "Open La Lupa"]
[Site "Roma ITA"]
[Date "2010.06.03"]
[Round "6"]
[White "Lami, Damiano"]
[Black "Brescia, Francesco"]
[Result "1/2-1/2"]
[WhiteElo "1494"]
[BlackElo "1458"]
[PlyCount "69"]
[EventDate "2010.05.06"]

1. e4 c5 2. Nc3 Nc6 3. g3 e6 4. Bg2 Nf6 5. Nge2 d5 6. exd5 exd5 7. d4 cxd4 8.
Nxd4 Be7 9. Be3 O-O 10. O-O Nxd4 11. Bxd4 Be6 12. Rb1 Qc8 13. Bxf6 Bxf6 14.
Nxd5 Bxd5 15. Qxd5 Rb8 16. c3 Rd8 17. Qb3 a6 18. Rfe1 Qc5 19. Rbd1 b5 20. Rd5
Rxd5 21. Bxd5 Qc7 22. Re4 Rd8 23. c4 bxc4 24. Rxc4 Qe5 25. Re4 Qc7 26. Qb7 Qxb7
27. Bxb7 Bxb2 28. Bxa6 g6 29. Bc4 Rd4 30. Rxd4 Bxd4 31. Kf1 Kf8 32. Ke2 Ke7 33.
a4 f5 34. a5 h6 35. f3 1/2-1/2

[Event "Open La Lupa"]
[Site "Roma ITA"]
[Date "2010.06.03"]
[Round "6"]
[White "Macri', Giuseppe"]
[Black "Dorascenzi, Angelo"]
[Result "1/2-1/2"]
[WhiteElo "1260"]
[BlackElo "1428"]
[PlyCount "51"]
[EventDate "2010.05.06"]

1. g3 e5 2. b3 Nf6 3. Bg2 Be7 4. Bb2 d6 5. e3 O-O 6. c4 Bd7 7. Nc3 Bc6 8. e4
Na6 9. a3 Nc5 10. d3 a6 11. Nd5 Bxd5 12. cxd5 a5 13. Nf3 h6 14. Bh3 a4 15. b4
Ncd7 16. Nh4 Nh7 17. Bxd7 Qxd7 18. Nf5 Bg5 19. h4 g6 20. hxg5 gxf5 21. gxh6 Kh8
22. Qh5 Rg8 23. O-O-O fxe4 24. Bxe5+ dxe5 25. Qxe5+ f6 26. Qxe4 1/2-1/2

[Event "Open La Lupa"]
[Site "Roma ITA"]
[Date "2010.06.03"]
[Round "6"]
[White "Maurizio, Antonio"]
[Black "Bogosaljevic, Miodrag"]
[Result "1/2-1/2"]
[WhiteElo "1866"]
[BlackElo "1898"]
[PlyCount "34"]
[EventDate "2010.05.06"]

1. Nf3 d5 2. d4 c6 3. c4 Nf6 4. Nc3 e6 5. e3 Bb4 6. Bd3 O-O 7. O-O Nbd7 8. Qc2
Re8 9. cxd5 cxd5 10. b3 a6 11. Bb2 b6 12. Rfc1 Bb7 13. Qe2 Qe7 14. Rc2 Rec8 15.
Rac1 Bd6 16. Nb1 Qd8 17. Rxc8 Rxc8 1/2-1/2

[Event "Open La Lupa"]
[Site "Roma ITA"]
[Date "2010.06.03"]
[Round "6"]
[White "Pardo, Paolo"]
[Black "Vannelli, Vittorio"]
[Result "1-0"]
[WhiteElo "1706"]
[BlackElo "1810"]
[PlyCount "49"]
[EventDate "2010.05.06"]

1. e4 c5 2. Nf3 Nc6 3. c3 d5 4. exd5 Qxd5 5. d4 Bg4 6. Be2 cxd4 7. cxd4 Nf6 8.
Nc3 Qd6 9. Nb5 Qd8 10. d5 Bxf3 11. Bxf3 Qa5+ 12. Nc3 Ne5 13. Be2 g6 14. Bb5+
Ned7 15. O-O Bg7 16. Re1 O-O 17. Bxd7 Nxd7 18. Rxe7 Rfd8 19. Qf3 f5 20. Bf4 Nc5
21. Rae1 Rac8 22. Qg3 Ne4 23. Qe3 Bxc3 24. bxc3 Rxc3 25. Qd4 1-0

[Event "Open La Lupa"]
[Site "Roma ITA"]
[Date "2010.06.03"]
[Round "6"]
[White "Pedrinzani, Ivano"]
[Black "Prudenzano, Ruggero"]
[Result "0-1"]
[WhiteElo "1896"]
[BlackElo "1930"]
[PlyCount "66"]
[EventDate "2010.05.06"]

1. e4 c5 2. Nc3 Nc6 3. g3 e6 4. Bg2 g6 5. f4 Nge7 6. Nf3 d5 7. d3 Bg7 8. O-O
O-O 9. e5 a6 10. g4 f6 11. exf6 Bxf6 12. Ne2 e5 13. h3 Bd7 14. c3 Qc7 15. fxe5
Nxe5 16. Bf4 Nxf3+ 17. Bxf3 Qb6 18. Qd2 Rae8 19. Rab1 Bc6 20. Bg3 g5 21. Bg2
Ng6 22. Rf5 d4 23. c4 Bxg2 24. Kxg2 Qc6+ 25. Kg1 Re3 26. Rbf1 h6 27. Kf2 Bg7
28. Rxf8+ Bxf8 29. Rg1 Qf3+ 30. Ke1 Rxd3 31. Qc2 Kg7 32. Qa4 Re3 33. Qc2 d3 0-1

[Event "Open La Lupa"]
[Site "Roma ITA"]
[Date "2010.06.03"]
[Round "6"]
[White "Romano, Marco Motraz"]
[Black "Quimi, Marco"]
[Result "0-1"]
[WhiteElo "1615"]
[BlackElo "2163"]
[PlyCount "103"]
[EventDate "2010.05.06"]

1. e4 c5 2. Nf3 Nc6 3. d4 cxd4 4. Nxd4 g6 5. Be2 Bg7 6. Nb3 Nf6 7. Nc3 O-O 8.
Be3 d6 9. O-O Be6 10. f4 a6 11. Qe1 b5 12. a3 Rc8 13. Rd1 Ng4 14. Qg3 Nxe3 15.
Qxe3 b4 16. Nd5 a5 17. c3 a4 18. Nd4 bxc3 19. bxc3 Na5 20. Qg3 Nc4 21. f5 Bd7
22. h4 e6 23. fxe6 fxe6 24. Bxc4 Rxc4 25. Qxd6 Rxf1+ 26. Rxf1 Bf8 27. Qe5 Bg7
28. Nf6+ Kh8 29. Qg5 Rxc3 30. e5 Qb6 31. Rd1 Bb5 32. Kh1 Rd3 33. Rxd3 Bxd3 34.
Qe3 Bc4 35. Qe4 Bxf6 36. exf6 Bd5 37. Qe5 Kg8 38. Qf4 Kf7 39. Nf3 Bxf3 40. Qxf3
Qb3 41. Qf4 Qxa3 42. Qc7+ Kxf6 43. Qxh7 Qa1+ 44. Kh2 Qe5+ 45. Kh3 Kf5 46. Qf7+
Qf6 47. g4+ Ke5 48. Qc7+ Ke4 49. Qc2+ Kd5 50. Qxa4 Qf3+ 51. Kh2 Qf2+ 52. Kh3
0-1

[Event "Open La Lupa"]
[Site "Roma ITA"]
[Date "2010.06.03"]
[Round "6"]
[White "Zarfati, Daniele"]
[Black "Di Dario, Dario"]
[Result "0-1"]
[WhiteElo "1568"]
[BlackElo "1773"]
[PlyCount "80"]
[EventDate "2010.05.06"]

1. d4 f5 2. g3 Nf6 3. c4 e6 4. Bg2 c6 5. Nc3 Bb4 6. Bf4 O-O 7. Qb3 Na6 8. a3
Bxc3+ 9. bxc3 d6 10. Nf3 Ne4 11. Rd1 Qa5 12. Rd3 c5 13. Nd2 cxd4 14. Nxe4 fxe4
15. Bxd6 exd3 16. Bxf8 Kxf8 17. exd3 dxc3 18. O-O Nc5 19. Qb4 Qxb4 20. axb4
Nxd3 21. Rd1 Nxb4 22. Rc1 Na2 23. Rc2 Nb4 24. Rxc3 a5 25. Be4 g6 26. Rb3 Ke7
27. c5 Ra6 28. f4 Nd5 29. Kf2 Ra7 30. Ke2 Bd7 31. Kd3 Bc6 32. Kd4 a4 33. Ra3
Ra5 34. Bd3 Nb4 35. Bb1 Na6 36. Rc3 Nc7 37. Bd3 a3 38. Rc1 a2 39. Ra1 Bd5 40.
Bc4 Ra4 0-1

[Event "Open La Lupa"]
[Site "Roma ITA"]
[Date "2010.06.17"]
[Round "7"]
[White "Brescia, Francesco"]
[Black "Catalini, Giampiero"]
[Result "1/2-1/2"]
[WhiteElo "1458"]
[BlackElo "1958"]
[PlyCount "77"]
[EventDate "2010.05.06"]

1. e4 c6 2. d4 d5 3. f3 e6 4. Nc3 c5 5. Nge2 Nc6 6. Be3 cxd4 7. Nxd4 Bb4 8. a3
Bxc3+ 9. bxc3 Nf6 10. Nxc6 bxc6 11. e5 Nd7 12. f4 O-O 13. Bd3 c5 14. c4 d4 15.
Be4 Rb8 16. Bd2 Bb7 17. Bxb7 Rxb7 18. Qf3 Qc7 19. O-O Rfb8 20. Qd3 Qc6 21. Rae1
Nf8 22. f5 exf5 23. Qxf5 Qg6 24. Qxg6 hxg6 25. Bf4 Ne6 26. Bg3 Rb2 27. Rc1 Ra2
28. Rf3 Rbb2 29. Rb3 Rxc2 30. Rxc2 Rxc2 31. Rb8+ Kh7 32. Ra8 d3 33. Be1 d2 34.
Bxd2 Rxd2 35. Rxa7 Ra2 36. Rxf7 Rxa3 37. Rf1 Ra6 38. Kf2 g5 39. Kf3 1/2-1/2

[Event "Open La Lupa"]
[Site "Roma ITA"]
[Date "2010.06.17"]
[Round "7"]
[White "Cannavo', Giuseppe"]
[Black "Zarfati, Daniele"]
[Result "0-1"]
[WhiteElo "1386"]
[BlackElo "1568"]
[PlyCount "80"]
[EventDate "2010.05.06"]

1. e4 c5 2. d3 d6 3. g3 Nf6 4. Be2 Nc6 5. Nc3 g6 6. Nf3 Bg7 7. Be3 Ng4 8. Qd2
Qb6 9. O-O-O Nxe3 10. fxe3 O-O 11. Na4 Qb4 12. b3 Qa3+ 13. Kb1 b5 14. Qc1 Qxc1+
15. Kxc1 bxa4 16. bxa4 Be6 17. a3 Rab8 18. Kd2 Bb2 19. Ke1 Bxa3 20. Kf2 Rb2 21.
Ra1 Bb4 22. Rac1 Bg4 23. Kg2 Bxf3+ 24. Kxf3 Bd2 25. Rb1 Rfb8 26. Rxb2 Rxb2 27.
c4 Nb4 28. Bd1 Nxd3 29. Be2 Ne5+ 30. Kg2 Bxe3 31. Kf1 Rb1+ 32. Kg2 Rxh1 33.
Kxh1 Kg7 34. Kg2 f5 35. Bf3 Nxc4 36. exf5 gxf5 37. Be2 Nb2 38. a5 c4 39. Kf3
Bd2 40. a6 c3 0-1

[Event "Open La Lupa"]
[Site "Roma ITA"]
[Date "2010.06.17"]
[Round "7"]
[White "Castellano, Lorenzo"]
[Black "Maurizio, Antonio"]
[Result "1/2-1/2"]
[WhiteElo "1869"]
[BlackElo "1866"]
[PlyCount "36"]
[EventDate "2010.05.06"]

1. e4 e6 2. d4 d5 3. Nd2 Nf6 4. e5 Nfd7 5. Bd3 c5 6. c3 Nc6 7. Ne2 cxd4 8. cxd4
Qb6 9. Nb3 a5 10. Be3 a4 11. Nd2 a3 12. b3 Nb4 13. Nf3 Nb8 14. Rc1 Nxd3+ 15.
Qxd3 Nc6 16. Nc3 Nb4 17. Qe2 Bd7 18. O-O Be7 1/2-1/2

[Event "Open La Lupa"]
[Site "Roma ITA"]
[Date "2010.06.17"]
[Round "7"]
[White "Di Dario, Dario"]
[Black "Pedrinzani, Ivano"]
[Result "0-1"]
[WhiteElo "1773"]
[BlackElo "1896"]
[PlyCount "150"]
[EventDate "2010.05.06"]

1. d4 g6 2. Nf3 Bg7 3. e4 c6 4. Bd3 d5 5. c3 Bg4 6. Nbd2 e6 7. h3 Bxf3 8. Nxf3
dxe4 9. Bxe4 Nf6 10. Bd3 O-O 11. O-O Nbd7 12. Bg5 Qb6 13. Qc2 c5 14. Be3 Nd5
15. dxc5 Nxe3 16. fxe3 Qxc5 17. Qf2 Ne5 18. Be2 Rad8 19. Rad1 Rxd1 20. Rxd1 Bh6
21. Nd4 Nc4 22. Bxc4 Qxc4 23. Nb3 Qa6 24. Nc5 Qxa2 25. Nd7 Rc8 26. Nf6+ Kg7 27.
Rd7 Qb1+ 28. Kh2 Qf5 29. Qxf5 gxf5 30. Nh5+ Kf8 31. Nf4 Rc6 32. Kg3 Rb6 33. b4
Bg7 34. Ne2 Ke8 35. Rd3 e5 36. Rd5 Ke7 37. Kf3 Ke6 38. Rc5 Rc6 39. Ra5 a6 40.
Ra3 h5 41. g3 e4+ 42. Kf2 Be5 43. Nd4+ Bxd4 44. exd4 Kd5 45. Ke3 Re6 46. Ra2
Kc4 47. Ra3 b5 48. h4 f6 49. Ke2 e3 50. Ke1 Kd3 51. d5 Rd6 52. c4+ Kxc4 53.
Rxe3 Kxb4 54. Rd3 Kc4 55. Re3 Kxd5 56. Rf3 Ke4 57. Rf2 Kd5 58. Ke2 a5 59. Rf3
b4 60. Re3 Kd4 61. Rf3 Kc4 62. Rf4+ Kc3 63. Rf3+ Kc2 64. Rf1 b3 65. Ke3 b2 66.
Rf2+ Kc1 67. Rf1+ Rd1 68. Rxf5 b1=Q 69. Rc5+ Qc2 70. Rxa5 Qc3+ 71. Kf4 Qxa5 72.
g4 Rd4+ 73. Kg3 Qc3+ 74. Kf2 Rd2+ 75. Kg1 Qc2 0-1

[Event "Open La Lupa"]
[Site "Roma ITA"]
[Date "2010.06.17"]
[Round "7"]
[White "Lami, Damiano"]
[Black "Carconi, Massimo"]
[Result "0-1"]
[WhiteElo "1494"]
[BlackElo "1725"]
[PlyCount "80"]
[EventDate "2010.05.06"]

1. e4 c5 2. Nf3 d6 3. Nc3 Nc6 4. Bb5 Bd7 5. d3 g6 6. O-O Bg7 7. Re1 Nd4 8. Nxd4
cxd4 9. Bxd7+ Qxd7 10. Ne2 e5 11. Bd2 Ne7 12. c3 O-O 13. cxd4 exd4 14. Rc1 Rac8
15. Qb3 d5 16. f3 dxe4 17. fxe4 Nc6 18. Rc5 b6 19. Qd5 Ne5 20. Qxd7 Nxd7 21.
Rd5 Nc5 22. Nc1 Rfd8 23. Rxd8+ Rxd8 24. b4 Na4 25. Bf4 Rc8 26. Re2 b5 27. Nb3
h5 28. Bd6 Rc3 29. Nc5 Nxc5 30. bxc5 Rxd3 31. Rc2 Rc3 32. Rxc3 dxc3 33. c6 c2
34. Bf4 Be5 35. Bc1 Kf8 36. Kf2 a5 37. h3 Ke7 38. Ke2 Kd6 39. Kd3 Kxc6 40. Kxc2
Kc5 0-1

[Event "Open La Lupa"]
[Site "Roma ITA"]
[Date "2010.06.17"]
[Round "7"]
[White "Marta, Daniele"]
[Black "Bogosaljevic, Miodrag"]
[Result "0-1"]
[WhiteElo "2055"]
[BlackElo "1898"]
[PlyCount "132"]
[EventDate "2010.05.06"]

1. d4 d5 2. Nf3 Nf6 3. Bg5 Nbd7 4. e3 e6 5. c4 Be7 6. Nc3 c6 7. Rc1 O-O 8. Bd3
h6 9. Bh4 dxc4 10. Bxc4 b5 11. Bd3 a6 12. O-O c5 13. Qe2 Bb7 14. Rfd1 c4 15.
Bb1 Nd5 16. Bxe7 Qxe7 17. Nxd5 exd5 18. Re1 Rfe8 19. Bf5 Nf6 20. Ne5 Bc8 21.
Bb1 Nd7 22. Qc2 Nf8 23. e4 f6 24. Nf3 dxe4 25. Rxe4 Qxe4 26. Qxe4 Rxe4 27. Bxe4
Rb8 28. b3 cxb3 29. axb3 Bb7 30. Bxb7 Rxb7 31. b4 Ne6 32. d5 Rc7 33. Ra1 Nf4
34. d6 Rc6 35. Rd1 Ne6 36. d7 Kf7 37. Kf1 Ke7 38. Rd5 Rd6 39. Rxd6 Kxd6 40. Nd4
Kxd7 41. Nf5 Kc6 42. Ke2 Kd5 43. Kd3 Ke5 44. Ne3 h5 45. g3 g5 46. Nc2 g4 47.
Ke3 f5 48. Ne1 f4+ 49. gxf4+ Nxf4 50. Nc2 Nd5+ 51. Kd3 h4 52. Ke2 Ke4 53. Ne1
Nxb4 54. f3+ Kf5 55. Ng2 gxf3+ 56. Kxf3 Kg5 57. Nf4 Nc6 58. Ne6+ Kf5 59. Nc7
Nb8 60. h3 b4 61. Ke3 a5 62. Nd5 Nc6 63. Kd3 a4 64. Kc4 a3 65. Kb3 Ke5 66. Ne3
Kf4 0-1

[Event "Open La Lupa"]
[Site "Roma ITA"]
[Date "2010.06.17"]
[Round "7"]
[White "Musmarra, Giovanni"]
[Black "Crucioli, Marco"]
[Result "1-0"]
[WhiteElo "1638"]
[BlackElo "1646"]
[PlyCount "75"]
[EventDate "2010.05.06"]

1. e4 e5 2. Bc4 d6 3. d3 Ne7 4. Nf3 Ng6 5. Ng5 Be6 6. Nxe6 fxe6 7. Bxe6 Be7 8.
Nc3 c6 9. Qg4 Nd7 10. Be3 Nf6 11. Qe2 d5 12. exd5 cxd5 13. d4 exd4 14. Bxd4 Nf4
15. Qb5+ Kf8 16. Bh3 Nxh3 17. gxh3 Qd6 18. O-O-O a6 19. Qb3 Qb4 20. Qxb4 Bxb4
21. Bxf6 gxf6 22. Nxd5 Be7 23. Rde1 Bd8 24. Re6 f5 25. Rhe1 Kf7 26. R6e5 Kg6
27. Rg1+ Kf7 28. Rxf5+ Ke6 29. Ne3 Bb6 30. Rh5 Bc7 31. Rg7 Bxh2 32. Rxb7 Rad8
33. Rh6+ Ke5 34. Ng4+ Kf5 35. Nxh2 Rhg8 36. Ng4 Rd4 37. Rxa6 h5 38. Nh6+ 1-0

[Event "Open La Lupa"]
[Site "Roma ITA"]
[Date "2010.06.17"]
[Round "7"]
[White "Napoli, Alessandro"]
[Black "Andreozzi, Paolo"]
[Result "0-1"]
[WhiteElo "1431"]
[BlackElo "1752"]
[PlyCount "92"]
[EventDate "2010.05.06"]

1. e4 c5 2. Nf3 e6 3. d4 cxd4 4. Nxd4 d6 5. Nc3 a6 6. Be3 Nd7 7. Nb3 Ngf6 8.
Be2 Be7 9. Qd2 O-O 10. f4 Qc7 11. O-O e5 12. Rac1 exf4 13. Bxf4 Ne5 14. Nd5
Nxd5 15. exd5 Nc4 16. Bxc4 Qxc4 17. Qd4 Qc7 18. Rf3 Bf6 19. Qf2 Bxb2 20. Rf1
Be5 21. Bxe5 dxe5 22. Qg3 f5 23. Rc3 Qd6 24. Rd3 f4 25. Qe1 Bf5 26. Rd2 Rac8
27. Rff2 b6 28. Qc1 Rc3 29. Rf3 Rfc8 30. Rxc3 Rxc3 31. Qb2 Re3 32. c4 Kf8 33.
Qc1 Bd3 34. Kf2 a5 35. Qd1 Bxc4 36. g3 Bxb3 37. axb3 Qh6 38. Kg2 f3+ 39. Kg1
Qd6 40. Kf2 Qc5 41. Kf1 Qb5+ 42. Kf2 Qxb3 43. d6 Ke8 44. Qc1 Qc3 45. Rc2 Re2+
46. Kf1 Qxc2 0-1

[Event "Open La Lupa"]
[Site "Roma ITA"]
[Date "2010.06.17"]
[Round "7"]
[White "Quimi, Marco"]
[Black "Prudenzano, Ruggero"]
[Result "1-0"]
[WhiteElo "2163"]
[BlackElo "1930"]
[PlyCount "69"]
[EventDate "2010.05.06"]

1. e4 c5 2. Nf3 Nf6 3. Nc3 d5 4. exd5 Nxd5 5. Bc4 Nxc3 6. bxc3 Nc6 7. O-O e5 8.
Re1 Bd6 9. d4 Qc7 10. dxe5 Be7 11. Bf4 O-O 12. Bb3 Be6 13. Qe2 Rad8 14. h4 h6
15. Red1 Qc8 16. Bxe6 Qxe6 17. Qb5 Rd7 18. Rxd7 Qxd7 19. Rb1 b6 20. Qd3 Qe6 21.
Qa6 Rd8 22. Re1 Bf8 23. Kh2 Qd7 24. Re3 Qe6 25. Rd3 Re8 26. Qb7 Re7 27. Qa6 Na5
28. Rd8 Rc7 29. Qb5 Nc6 30. Rd2 Be7 31. Qb3 c4 32. Qa4 Bc5 33. Qb5 Re7 34. Rd6
Bxd6 35. exd6 1-0

[Event "Open La Lupa"]
[Site "Roma ITA"]
[Date "2010.06.17"]
[Round "7"]
[White "Romano, Marco Motraz"]
[Black "Pardo, Paolo"]
[Result "1/2-1/2"]
[WhiteElo "1615"]
[BlackElo "1706"]
[PlyCount "106"]
[EventDate "2010.05.06"]

1. e4 c5 2. Nf3 e6 3. d4 cxd4 4. Nxd4 Nc6 5. Nb5 d6 6. c4 a6 7. N5c3 Nf6 8. Be3
Qc7 9. Be2 Be7 10. Na3 b6 11. O-O O-O 12. f4 Rd8 13. Rc1 Bb7 14. Bf3 Na5 15.
Qe2 Rac8 16. Na4 Nd7 17. Qf2 Nc5 18. Nc3 Nc6 19. Nc2 Bf6 20. Qd2 Na5 21. Na3
Bxc3 22. Qxc3 Nxe4 23. Qb4 Nc5 24. Qe1 Nd3 25. Qg3 Nxc1 26. Rxc1 Bxf3 27. Qxf3
Nb7 28. b4 Rd7 29. Qf2 Qd8 30. Bxb6 Qe7 31. c5 dxc5 32. bxc5 Nd8 33. Nc4 Nc6
34. Ne5 Rd5 35. Qe2 a5 36. Qa6 Qf8 37. Nxc6 Rxc6 38. Qxa5 Qb8 39. Qb4 Rd7 40.
a4 Qb7 41. Qe4 Rd5 42. a5 Rd2 43. Qe3 Qd7 44. a6 Qd5 45. Qf3 Qd4+ 46. Kf1 Qb2
47. Re1 Rc8 48. a7 Qb5+ 49. Kg1 Qa6 50. f5 e5 51. Qe4 f6 52. Qf3 Qa4 53. Qc3
Qd4+ 1/2-1/2

[Event "Open La Lupa"]
[Site "Roma ITA"]
[Date "2010.06.17"]
[Round "7"]
[White "Vannelli, Vittorio"]
[Black "Casella, Carlo"]
[Result "1/2-1/2"]
[WhiteElo "1810"]
[BlackElo "1679"]
[PlyCount "107"]
[EventDate "2010.05.06"]

1. e4 e5 2. Nc3 Nf6 3. f4 d6 4. fxe5 dxe5 5. Nf3 Bd6 6. Bc4 O-O 7. O-O Nc6 8.
d3 Bg4 9. Ne2 a6 10. Qe1 Bxf3 11. Rxf3 Bc5+ 12. Kh1 Qd7 13. Rxf6 gxf6 14. Bh6
Qg4 15. Bxf8 Rxf8 16. Qg3 Qxg3 17. Nxg3 Nd4 18. c3 Ne6 19. Nh5 b5 20. Nxf6+ Kg7
21. Bxe6 Kxf6 22. Bd5 Kg6 23. Rf1 f6 24. Rf3 h5 25. b4 Bb6 26. Bb7 a5 27. bxa5
Bxa5 28. d4 exd4 29. cxd4 Rd8 30. Bd5 Bb6 31. Rc3 Rd6 32. Rc6 Rd7 33. a4 bxa4
34. Rc4 a3 35. Ra4 a2 36. Rxa2 Bxd4 37. Ra8 Be5 38. g3 Rg7 39. Kg2 Kg5 40. Be6
Kh6 41. Bf5 Rg5 42. Kf3 Kg7 43. Rd8 Kf7 44. Rd7+ Ke8 45. Rh7 Kd8 46. Rh6 Ke7
47. Rg6 c5 48. h4 Rxg6 49. Bxg6 c4 50. Bxh5 c3 51. Ke3 Bxg3 52. Kd3 Be5 53. Bd1
Kf7 54. h5 1/2-1/2